000 00931nas a2200313 4500
001 BR0703043
003 BR-BrBNA
005 20231205110838.0
007 ta
008 230509b bl.|||p| |||| 00| 00por d
040 _aBR-BrBNA
_bpor
_cBiblioteca Nacional de Agricultura
041 _a(Pt)
072 _aH10
100 1 _aMonteiro, L.B.
100 1 _aMio, L.L.M. de
100 1 _aMotta, A.C.V.
100 1 _aSerrat, B.M.
100 1 _aCuquel, F.L.
245 1 _aAvaliação de atrativos alimentares utilizados no monitoramento de mosca-das-frutas em pessegueiro na Lapa-PR
650 _aPÊSSEGO
650 _aUVA
650 _aMOSCA DAS FRUTAS
650 _aCONTROLE BIOLÓGICO
650 _aSUCO
650 _aPARANÁ
773 0 _tRevista Brasileira de Fruticultura (Brazil)
_xISSN 0100-2945
_g(Apr 2007), v. 29(1) p. 72-74
_wBR0703043
909 _a202311
_bLúcia
_c55
_dLúcia Elande
942 _2AGRIS
_n0
_cANA
999 _c189395
_d189395